000 00237nam a2200097Ia 4500
001 986757
005 20250826221107.0
008 250824s9999 xx 000 0 und d
245 0 _aBÖCEK ÇOCUK
_cM.G. LEONARD
260 _bDOMİNGO YAYINEVİ
999 _c986757
_d986757